| 000 | 02567cam a22006374i 4500 | ||
|---|---|---|---|
| 003 | PE-LiUPU | ||
| 005 | 20250731180153.0 | ||
| 008 | 150706s2012 sp a rb 000 0 spa d | ||
| 020 | _a9788499893846 | ||
| 035 | _a(Sirsi) i9788499893846 | ||
| 040 |
_aPE-LiUPU _bspa _cPE-LiUPU _erda |
||
| 049 | _aPRUA | ||
| 082 | 0 | 4 |
_a500.1 _bE92 _221 |
| 100 | 1 |
_aEstupinyà, Pere, _d1974- , _eautor. |
|
| 245 | 1 | 3 |
_aEl ladrón de cerebros : _bcompartiendo el conocimiento científico de las mentes más brillantes / _cPere Estupinyà ; prólogo de Eduard Punset. |
| 250 | _a1a ed. en Debolsillo | ||
| 264 | 1 |
_a[Barcelona] : _bDebolsillo, _c2012. |
|
| 300 |
_a450 páginas : _bilustraciones ; _c19 centímetros |
||
| 336 |
_atext _2rdacontent |
||
| 337 |
_aunmediated _2rdamedia |
||
| 338 |
_avolume _2rdacarrier |
||
| 490 | 0 | _aCiencia | |
| 500 | _aEn el lomo: 292. | ||
| 504 | _aBibliografía: p. [447]-450. | ||
| 505 | 0 | _aEl cerebro que se invetiga a sí mismo -- Lagunas en el comportamiento humano -- Fascinados por el universo -- El sumiller científico -- Biología del siglo XXI -- Ciencia, política y periodismo del cambio climático -- Rascar donde no pica. | |
| 526 | _aSEG44 | ||
| 526 | _aSEG26 | ||
| 526 | _aP159 | ||
| 526 | _aP155 | ||
| 526 | _aP154 | ||
| 526 | _aP153 | ||
| 526 | _aP150 | ||
| 526 | _aP100 | ||
| 526 | _aP31 | ||
| 526 | _aP30 | ||
| 526 | _aP26 | ||
| 526 | _aP25 | ||
| 526 | _aP24 | ||
| 526 | _aP22 | ||
| 526 | _aP15 | ||
| 526 | _aP10 | ||
| 541 | _g002-014792; | ||
| 541 | _g002-014792; | ||
| 650 | 0 | 4 |
_aCiencia _vObras de divulgación. |
| 650 | 0 | 4 | _aCientíficos. |
| 650 | 0 | 4 | _aDescubrimientos de la ciencia. |
| 700 | 1 |
_aPunset, Eduard, _eprol. |
|
| 910 |
_agl _cjck _d20131029 |
||
| 942 |
_2ddc _cBOOK |
||
| 949 |
_a500.1 E92 _wDEWEY _c1 _i68810 _lCCODEBUL1 _mBUL _p16.00 _r0 _sY _tBOOK _u2015-7-6 _xFCE _PP04 _o.STAFF. Colección General |
||
| 949 |
_a500 E92 _wDEWEY _c2 _i68823 _lCCODEBUL1 _mBUL _p16.00 _r0 _sY _tBOOK _u2015-7-6 _xFCE _PP04 _o.STAFF. Colección General |
||
| 994 |
_aC0 _bPEPRU |
||
| 596 | _a1 | ||
| 999 |
_a500.1 E92 _wDEWEY _c56027 _i68810 _d56027 _e2018-10-2 _f2021-11-5 _g6 _lCCODEBUL1 _mBUL _n2 _p16.00 _r0 _sN _tBOOK _u2015-7-6 _xBIBLIOTECA _PP04 _o.STAFF. Colección General |
||
| 999 |
_a500 E92 _wDEWEY _c2 _i68823 _d2022-6-15 _e2022-6-13 _f2021-11-5 _g6 _lCCODEBUL1 _mBUL _n1 _p16.00 _q1 _r0 _sN _tBOOK _u2015-7-6 _xBIBLIOTECA _PP04 _0COMPRA _o.STAFF. Colección General |
||
| 980 |
_81 _gALBERTO SANCHEZ Responsable de Automatización |
||